000 01355naa a22003737a 4500
001 BR7503348
003 BR-BrBNA
005 20240918173749.0
007 ta
008 230509b bl.||||| |||| 00| 0 por d
040 _aBR-BrBNA
_bpor
_cBiblioteca Nacional de Agricultura
041 _a(Pt)
072 _aF25
_b2120
_b3840
_b3851
_bG514
_bGZ74
090 _aF25 BR7503348
100 1 _aGuimaraes, P.T.G.
100 1 _aFreire, F.M.
100 1 _aCarvalho, J.G. de
100 1 _aCarvalho, M.M. de
100 1 _aSouza, S.P. de
100 1 _aBraga, J.M.
111 1 _a3. Congresso Brasileiro de Pesquisas Cafeeiras
_cCuritiba, PR (Brazil)
_d18 Nov 1975
245 1 _aEnsaio de adubacao mineral e organica para formacao de cafezais em solos sob vegetacao de cerrado - resultados 2. ano [Minas Gerais, Brasil]
260 3 _aRio de Janeiro, RJ (Brasil):
_c1975.
500 _aResumos do 3. Congresso Brasileiro de Pesquisas Cafeeiras Rio de Janeiro, RJ (Brasil): 1975. p. 219-220 (BR7503348-AM)F25
650 _aFERTILIZANTE
650 _aCAFE
650 _aADUBACAO
650 _aSOLO
650 _aCERRADO
650 _aMINAS GERAIS
773 0 _tResumos do 3. Congresso Brasileiro de Pesquisas Cafeeiras
_wF25 BR7503348
_gRio de Janeiro, RJ (Brasil), 1975. p. 219-220
909 _a202404
_bLucia
_c55
_dLucia Elande
942 _cAM
_2AGRIS
999 _c306728
_d306728